Bet you can't! : (Record no. 9092)

MARC details
000 -LEADER
fixed length control field 00915nam a22002777a 4500
001 - CONTROL NUMBER
control field 9092
003 - CONTROL NUMBER IDENTIFIER
control field FISKH
005 - DATE AND TIME OF LATEST TRANSACTION
control field 20251119140746.0
008 - FIXED-LENGTH DATA ELEMENTS--GENERAL INFORMATION
fixed length control field 251119b cb ||||| |||| 00| 0 eng d
020 ## - INTERNATIONAL STANDARD BOOK NUMBER
International Standard Book Number 071001002508
040 ## - CATALOGING SOURCE
Original cataloging agency FISKH
Language of cataloging eng
Transcribing agency FISKH
Modifying agency FISKH
050 ## - LIBRARY OF CONGRESS CALL NUMBER
Classification number Q164.C48
082 ## - DEWEY DECIMAL CLASSIFICATION NUMBER
Classification number 793.8
100 ## - MAIN ENTRY--PERSONAL NAME
Personal name Cobb, Vicki
Relator term Author
245 ## - TITLE STATEMENT
Title Bet you can't! :
Remainder of title Science possibilities to fool you /
Statement of responsibility, etc. Vicki Cobb ; Illustrated by Martha Weston
260 ## - PUBLICATION, DISTRIBUTION, ETC.
Place of publication, distribution, etc. New York :
Name of publisher, distributor, etc. William Morrow & Company Inc. ,
Date of publication, distribution, etc. 1980
300 ## - PHYSICAL DESCRIPTION
Extent 128 pages :
Other physical details illustrations ;
Dimensions 19 cm
505 ## - FORMATTED CONTENTS NOTE
Formatted contents note R<br/>
520 ## - SUMMARY, ETC.
Summary, etc. Describes more than 60 impossible tricks, each based on scientific principles which are explained in acompanying text.
521 8# - TARGET AUDIENCE NOTE
Target audience note 720<br/>
Source Lexile<br/>
521 8# - TARGET AUDIENCE NOTE
Target audience note R<br/>
Source Raz-Plus<br/>
650 ## - SUBJECT ADDED ENTRY--TOPICAL TERM
Topical term or geographic name entry element Science experiments
Form subdivision Non-fiction
700 ## - ADDED ENTRY--PERSONAL NAME
Personal name Weston, Martha
Relator term Illustrator
942 ## - ADDED ENTRY ELEMENTS (KOHA)
Source of classification or shelving scheme Dewey Decimal Classification
Koha item type Books
Suppress in OPAC No
Holdings
Withdrawn status Lost status Source of classification or shelving scheme Damaged status Not for loan Home library Current library Shelving location Date acquired Total Checkouts Full call number Barcode Date last seen Copy number Price effective from Koha item type
    Dewey Decimal Classification     Footprints International School Library Network Toul Tom Poung Campus Footprints International School Library Network Toul Tom Poung Campus TTP Primary Orange Bookshelves 11/19/2025   COB 793.8 Q164.C48 FIS01104 11/19/2025 1 11/19/2025 Books